000 00302nam a2200133Ia 4500
005 20260328101528.0
008 260328s9999||||xx |||||||||||||| ||und||
100 _aErber, Walter
245 0 _aJoan MirĂ³ /
_cWalter Erber
260 _bTaschen
300 _a240 p.
650 _aARQUITECTOS
942 _cBK
999 _c9850
_d9850